000 00590nam a2200217Ia 4500
005 20260429112156.0
008 260429s9999||||xx |||||||||||||| ||und||
020 _a9781529628081
041 _aEnglish
082 _a658.83
_bHUD
100 _aHudson, Simon
245 0 _aMarketing for tourism, hospitality and events :
_ba global and digital approach /
_cSimon Hudson
250 _a2nd ed.
260 _aLondon :
_bSage,
_c2024.
300 _axiv, 401 p.; pbk
650 _a Hospitality
650 _a Tourism
650 _aMarketing
700 _a Hudson, Louise
942 _cTB
999 _c52732
_d52732